[Event "XVIII Autunno Scacchistico A"]
[Site "Venezia ITA"]
[Date "2012.11.03"]
[Round "4"]
[White "Ceschia, Ivano"]
[Black "Xia, Jie"]
[WhiteElo "2298"]
[BlackElo "2262"]
[Result "1-0"]
[PlyCount "39"]
[EventDate "2012.11.01"]

1. e4 c5 2. Nf3 g6 3. d4 cxd4 4. Qxd4 Nf6 5. Nc3 Nc6 6. Qa4 Bg7 7. e5 Ng8 8.
Bf4 Nh6 9. h3 O-O 10. O-O-O a6 11. g4 b5 12. Bxb5 Qb6 13. Bxc6 dxc6 14. Qd4 c5
15. Qe3 Rb8 16. b3 Bxg4 17. Nd5 Qa5 18. Bxh6 Bxh6 19. Qxh6 Bxf3 20. Nf6+ 1-0

[Event "XVIII Autunno Scacchistico A"]
[Site "Venezia ITA"]
[Date "2012.11.03"]
[Round "4"]
[White "Del Monaco, Andrea"]
[Black "Pfeifer, Andreas"]
[WhiteElo "2247"]
[BlackElo "2054"]
[Result "1-0"]
[PlyCount "57"]
[EventDate "2012.11.01"]

1. Nf3 c5 2. c4 Nc6 3. Nc3 e5 4. e3 f5 5. d4 e4 6. d5 Nce7 7. Nd2 d6 8. f3 exf3
9. Nxf3 Nf6 10. Bd3 g6 11. O-O Bg7 12. e4 O-O 13. Qc2 fxe4 14. Nxe4 Nxe4 15.
Bxe4 Nf5 16. Bg5 Nd4 17. Qd2 Qb6 18. Nxd4 Bxd4+ 19. Kh1 Bf5 20. Bh6 Bxe4 21.
Bxf8 Rxf8 22. Rxf8+ Kxf8 23. Qf4+ Bf5 24. g4 Be5 25. Qf2 Qxb2 26. Qxb2 Bxb2 27.
Rf1 Kg7 28. gxf5 gxf5 29. Rb1 1-0

[Event "XVIII Autunno Scacchistico A"]
[Site "Venezia ITA"]
[Date "2012.11.03"]
[Round "4"]
[White "Faccia, Sergio"]
[Black "Zamengo, Fulvio"]
[WhiteElo "2028"]
[BlackElo "2072"]
[Result "1/2-1/2"]
[PlyCount "77"]
[EventDate "2012.11.01"]

1. e4 e6 2. c4 d5 3. cxd5 exd5 4. exd5 Qxd5 5. Nc3 Qd8 6. Bc4 Nf6 7. Qb3 Qd7 8.
Nf3 Bd6 9. d4 Nc6 10. O-O O-O 11. Qd1 h6 12. Be3 Re8 13. a3 a6 14. b4 b5 15.
Ba2 Bb7 16. Qd3 Nxb4 17. axb4 Bxf3 18. Bxh6 Bb7 19. Qg6 Bf8 20. Rfd1 Nd5 21.
Nxd5 Bxd5 22. Bxd5 Qxd5 23. Qg3 Re6 24. Bd2 Bd6 25. Qd3 Rg6 26. g3 f5 27. Ra3
Rg4 28. Be1 Re8 29. Qf3 Rge4 30. Re3 f4 31. Rxe4 Rxe4 32. Kg2 Qe6 33. Bc3 g5
34. Qh5 Qd5 35. Qg6+ Kf8 36. Kg1 f3 37. Qf6+ Kg8 38. Qg6+ Kf8 39. Qf6+ 1/2-1/2

[Event "XVIII Autunno Scacchistico A"]
[Site "Venezia ITA"]
[Date "2012.11.03"]
[Round "4"]
[White "Guerra, Alessandro"]
[Black "Basso, Pier Luigi"]
[WhiteElo "2185"]
[BlackElo "2131"]
[Result "1/2-1/2"]
[PlyCount "88"]
[EventDate "2012.11.01"]

1. e4 c5 2. Nf3 e6 3. Nc3 Nc6 4. Bb5 Nd4 5. a4 a6 6. Be2 d6 7. Nxd4 cxd4 8. Nb1
g6 9. c3 Bg7 10. cxd4 Bxd4 11. O-O Ne7 12. Na3 Nc6 13. Nc2 e5 14. Bc4 Be6 15.
Bd5 Ba7 16. Bxc6+ bxc6 17. d4 Bb3 18. Qd3 Bxc2 19. Qxc2 Bxd4 20. Qxc6+ Ke7 21.
Qb7+ Kf6 22. Be3 Qc8 23. Qd5 Qc5 24. Qa2 Kg7 25. Rac1 Qa7 26. Bxd4 Qxd4 27. Rc4
Qd3 28. Rc7 Rhf8 29. Qc4 Qxc4 30. Rxc4 Rfc8 31. Rfc1 Rxc4 32. Rxc4 a5 33. b4
axb4 34. Rxb4 Rc8 35. Kf1 Rc2 36. Rb6 Rc4 37. a5 Rxe4 38. Rxd6 Ra4 39. Ra6 f5
40. g3 Ra1+ 41. Kg2 e4 42. Ra8 h6 43. h4 h5 44. a6 Kh7 1/2-1/2

[Event "XVIII Autunno Scacchistico A"]
[Site "Venezia ITA"]
[Date "2012.11.03"]
[Round "4"]
[White "Negro, Roberto"]
[Black "Gallo, Enrico"]
[WhiteElo "2138"]
[BlackElo "2092"]
[Result "0-1"]
[PlyCount "82"]
[EventDate "2012.11.01"]

1. d4 Nf6 2. c4 c5 3. d5 e6 4. Nc3 exd5 5. cxd5 d6 6. Nf3 g6 7. Nd2 Nbd7 8. e4
a6 9. a4 Bg7 10. Be2 O-O 11. O-O Re8 12. a5 b5 13. axb6 Nxb6 14. f3 Nh5 15. f4
Bd4+ 16. Kh1 Qh4 17. Bxh5 Qxh5 18. Qxh5 gxh5 19. f5 Bd7 20. Rf4 Be5 21. Rf3 Bb5
22. g3 Nc4 23. Ndb1 Bd4 24. Rf4 Ne5 25. Rh4 Nd3 26. Bf4 Nxb2 27. Bxd6 Bd3 28.
Ra2 Nc4 29. Bc7 Re7 30. d6 Rd7 31. Nd5 Bxb1 32. Ra4 Bd3 33. Rxc4 Bxc4 34. Nb6
Be2 35. Kg2 Rad8 36. e5 Bg4 37. e6 fxe6 38. Rxg4+ hxg4 39. fxe6 Rxd6 40. e7 Re8
41. Bxd6 Kf7 0-1

[Event "XVIII Autunno Scacchistico A"]
[Site "Venezia ITA"]
[Date "2012.11.03"]
[Round "4"]
[White "Pechy, Alaster"]
[Black "Solomon, Kenny"]
[WhiteElo "2186"]
[BlackElo "2445"]
[Result "0-1"]
[PlyCount "60"]
[EventDate "2012.11.01"]

1. d4 Nf6 2. c4 e6 3. g3 c5 4. d5 exd5 5. cxd5 d6 6. Nc3 g6 7. Bg2 Bg7 8. Nf3
O-O 9. O-O a6 10. a4 Re8 11. Nd2 Nbd7 12. h3 Rb8 13. a5 b5 14. axb6 Nxb6 15. e4
Nfd7 16. f4 c4 17. Nf3 Nc5 18. e5 Nd3 19. Nd4 Bb7 20. Nc6 Bxc6 21. dxc6 dxe5
22. f5 e4 23. Kh2 Bxc3 24. bxc3 Nd5 25. Qg4 Nxc1 26. fxg6 hxg6 27. Rfxc1 Qf6
28. Qd7 Ne3 29. c7 Rbc8 30. Ra5 Nxg2 0-1

[Event "XVIII Autunno Scacchistico A"]
[Site "Venezia ITA"]
[Date "2012.11.03"]
[Round "4"]
[White "Simonetto, Adriano"]
[Black "Redo, Giorgio"]
[WhiteElo "1992"]
[BlackElo "2088"]
[Result "1/2-1/2"]
[PlyCount "69"]
[EventDate "2012.11.01"]

1. d4 c5 2. d5 e5 3. e4 d6 4. Nc3 g6 5. Nf3 Bg7 6. Bb5+ Nd7 7. a4 a6 8. Be2 b6
9. O-O Ne7 10. Nd2 O-O 11. Nc4 Qc7 12. f4 f5 13. Kh1 Bb7 14. Bf3 Rae8 15. Ra3
exf4 16. Bxf4 Nc8 17. exf5 Rxf5 18. Bg4 Rf6 19. Ne2 b5 20. axb5 axb5 21. Re3
Ref8 22. Be6+ Kh8 23. Nd2 Ncb6 24. Ne4 Nc4 25. Nxf6 Nxe3 26. Bxe3 Rxf6 27. Bg5
Rxf1+ 28. Qxf1 h6 29. Nf4 hxg5 30. Nxg6+ Kh7 31. Qf5 Kh6 32. h4 Qd8 33. Nf4
gxf4 34. Qxf4+ Kh7 35. Qf5+ 1/2-1/2

[Event "XVIII Autunno Scacchistico A"]
[Site "Venezia ITA"]
[Date "2012.11.03"]
[Round "5"]
[White "Basso, Pier Luigi"]
[Black "Ceschia, Ivano"]
[WhiteElo "2131"]
[BlackElo "2298"]
[Result "1/2-1/2"]
[PlyCount "159"]
[EventDate "2012.11.01"]

1. Nf3 Nf6 2. c4 g6 3. Nc3 d5 4. cxd5 Nxd5 5. e4 Nxc3 6. dxc3 Qxd1+ 7. Kxd1 Nd7
8. Be3 Nf6 9. Bd4 Bg7 10. h3 O-O 11. Bd3 b6 12. Nd2 Bb7 13. Kc2 Rad8 14. Bxf6
exf6 15. f3 Rfe8 16. Rad1 h5 17. Nc4 Bh6 18. Rhe1 Re7 19. g4 hxg4 20. hxg4 Bf4
21. Be2 Rde8 22. Rh1 Kg7 23. Bd3 Rd8 24. Nd2 Red7 25. Nb3 c5 26. Bb5 Rxd1 27.
Rxd1 Rxd1 28. Kxd1 f5 29. gxf5 gxf5 30. Bd3 Kf6 31. Nd2 Kg5 32. Nf1 Be5 33. Ke2
fxe4 34. Bxe4 Bxe4 35. fxe4 Kf4 36. Nd2 b5 37. Kd3 c4+ 38. Ke2 a6 39. a4 Bf6
40. axb5 axb5 41. Nb1 Be7 42. Nd2 Bc5 43. Nf3 f6 44. e5 fxe5 45. Nd2 e4 46. Nf1
Ke5 47. Nd2 Be7 48. Nb1 Kd5 49. Kd2 Bg5+ 50. Kd1 Kc5 51. Na3 Kb6 52. Nc2 Ka5
53. Nd4 Bf6 54. Ne2 Be5 55. Kc2 Ka4 56. Nc1 Bf4 57. Ne2 Be5 58. Nc1 Ka5 59. Ne2
b4 60. cxb4+ Kxb4 61. Nc1 Bf4 62. Ne2 Be5 63. Nc1 Kc5 64. Ne2 e3 65. b3 cxb3+
66. Kxb3 Kd5 67. Kc2 Ke4 68. Kd1 Kf3 69. Ke1 Kg2 70. Nc1 Kf3 71. Ne2 Bh2 72.
Nd4+ Ke4 73. Ne2 Bd6 74. Ng1 Kd3 75. Ne2 Bb4+ 76. Kd1 Bd2 77. Ng3 Bb4 78. Ne2
Ke4 79. Ng1 Kd3 80. Ne2 1/2-1/2

[Event "XVIII Autunno Scacchistico A"]
[Site "Venezia ITA"]
[Date "2012.11.03"]
[Round "5"]
[White "Capaliku, Aleks"]
[Black "Cardarelli, Angelo"]
[WhiteElo "2143"]
[BlackElo "1973"]
[Result "1-0"]
[PlyCount "77"]
[EventDate "2012.11.01"]

1. f4 d5 2. Nf3 g6 3. e3 Bg7 4. d4 Nf6 5. Bd3 O-O 6. O-O c5 7. c3 b6 8. Nbd2
Ba6 9. Bxa6 Nxa6 10. Ne5 Nc7 11. Qe2 Qd6 12. b3 cxd4 13. exd4 Nd7 14. a4 f6 15.
Nd3 Rfe8 16. Ba3 Qc6 17. Rac1 e5 18. fxe5 fxe5 19. Qf2 e4 20. Nb4 Qe6 21. Qg3
Rac8 22. Rce1 a5 23. Nc2 b5 24. Bd6 Na8 25. axb5 Nf6 26. Bc5 Bh6 27. Ne3 Kg7
28. Nf5+ Kh8 29. Nxh6 e3 30. Nf3 e2 31. Rf2 Ne4 32. Qe5+ Qxe5 33. Nxe5 Nxf2 34.
Kxf2 Kg7 35. Nhf7 Rc7 36. Rxe2 Rxf7+ 37. Nxf7 Rxe2+ 38. Kxe2 Kxf7 39. b6 1-0

[Event "XVIII Autunno Scacchistico A"]
[Site "Venezia ITA"]
[Date "2012.11.03"]
[Round "5"]
[White "Redo, Giorgio"]
[Black "Del Monaco, Andrea"]
[WhiteElo "2088"]
[BlackElo "2247"]
[Result "0-1"]
[PlyCount "34"]
[EventDate "2012.11.01"]

1. f4 d5 2. Nf3 g6 3. e3 Bg7 4. c4 Nf6 5. Nc3 O-O 6. Qb3 e6 7. d4 c5 8. cxd5
exd5 9. dxc5 Nc6 10. Bb5 d4 11. Bxc6 dxc3 12. Bb5 Ne4 13. O-O Nxc5 14. Qa3 Qb6
15. Nd4 Ne6 16. bxc3 Nxd4 17. Bd3 Nb5 0-1

[Event "XVIII Autunno Scacchistico A"]
[Site "Venezia ITA"]
[Date "2012.11.03"]
[Round "5"]
[White "Solomon, Kenny"]
[Black "Guerra, Alessandro"]
[WhiteElo "2445"]
[BlackElo "2185"]
[Result "1-0"]
[PlyCount "63"]
[EventDate "2012.11.01"]

1. d4 Nf6 2. c4 e6 3. Nf3 d5 4. g3 c6 5. Qc2 Bd6 6. Bg2 O-O 7. O-O Nbd7 8. Nbd2
Qe7 9. b3 e5 10. cxd5 cxd5 11. dxe5 Nxe5 12. Bb2 Nc6 13. Ng5 Be5 14. Bxe5 Nxe5
15. Rac1 h6 16. Ngf3 Nc6 17. Rfe1 Ne4 18. Qb2 Re8 19. Nf1 Qb4 20. Red1 Qb6 21.
Nd4 Ne7 22. Ne3 Qf6 23. Bxe4 dxe4 24. Qc2 Bh3 25. Qxe4 Nf5 26. Qf4 g5 27. Qf3
Qxd4 28. Nxf5 Qf6 29. g4 Bxg4 30. Qxg4 h5 31. Qf3 Re5 32. e4 1-0

[Event "XVIII Autunno Scacchistico A"]
[Site "Venezia ITA"]
[Date "2012.11.03"]
[Round "5"]
[White "Srebrnic, Vojko"]
[Black "Simonetto, Adriano"]
[WhiteElo "2220"]
[BlackElo "1992"]
[Result "1-0"]
[PlyCount "101"]
[EventDate "2012.11.01"]

1. e4 e5 2. Bc4 Nc6 3. Nc3 Nf6 4. d3 Na5 5. Qf3 c6 6. Nge2 b5 7. Bb3 b4 8. Nd1
Nxb3 9. axb3 d5 10. Bg5 Be7 11. Ne3 Be6 12. Nf5 Bxf5 13. Qxf5 Nd7 14. Be3 Qc7
15. Qf3 dxe4 16. Qxe4 O-O 17. Ra6 Nb8 18. Ra4 Nd7 19. O-O f5 20. Qc4+ Kh8 21.
Qe6 Bd6 22. Rfa1 Rf6 23. Qc4 a5 24. f3 Nb6 25. Bxb6 Qxb6+ 26. Kf1 e4 27. dxe4
fxe4 28. Qxe4 Rff8 29. Qh4 Qc5 30. c3 bxc3 31. bxc3 Rae8 32. Qd4 Qxd4 33. Rxd4
Bxh2 34. Rxa5 Bc7 35. Ra6 c5 36. Rd7 Be5 37. Rd5 c4 38. bxc4 Bf6 39. Nd4 Re3
40. Ra3 Rfe8 41. Kf2 Kg8 42. c5 Rd3 43. Kg3 Rc8 44. Kf4 Be7 45. Nf5 Bxc5 46.
Rxd3 Bxa3 47. Ke3 g6 48. Ng3 h5 49. Ne4 Rc6 50. Rd7 Bc1+ 51. Kd4 1-0

[Event "XVIII Autunno Scacchistico A"]
[Site "Venezia ITA"]
[Date "2012.11.03"]
[Round "5"]
[White "Trangoni, Bruno"]
[Black "Faccia, Sergio"]
[WhiteElo "2040"]
[BlackElo "2028"]
[Result "1-0"]
[PlyCount "133"]
[EventDate "2012.11.01"]

1. Nf3 d5 2. d4 Nf6 3. Bf4 Bf5 4. c4 e6 5. Qb3 Qc8 6. e3 Be7 7. Nc3 c6 8. Be2
O-O 9. O-O Nh5 10. Bg5 Bxg5 11. Nxg5 Nf6 12. Rac1 Nbd7 13. cxd5 exd5 14. Rfe1
h6 15. Nf3 Rb8 16. Nb5 Be6 17. Qb4 Qd8 18. Nc3 Qb6 19. Qa3 Bf5 20. Nd2 Rfe8 21.
Nb3 Ne4 22. Na4 Qd8 23. Nac5 Ndxc5 24. Nxc5 Nxc5 25. Rxc5 Qe7 26. Bf3 Be4 27.
Bxe4 Qxe4 28. Qxa7 f5 29. Rcc1 f4 30. f3 Qe7 31. Qc5 fxe3 32. Qxe7 Rxe7 33. Kf1
Ra8 34. a3 Ra4 35. Rcd1 Rc4 36. Re2 Kf7 37. Ke1 Kf6 38. Rd3 Rc1+ 39. Rd1 Rc4
40. Rd3 Rc1+ 41. Rd1 Rxd1+ 42. Kxd1 c5 43. dxc5 d4 44. Kc2 Rc7 45. Kd3 Ke5 46.
Rc2 Re7 47. b4 Kd5 48. a4 Re6 49. b5 g5 50. c6 bxc6 51. Rxc6 Re8 52. Rc2 h5 53.
b6 Ra8 54. Rc4 Ra6 55. Rxd4+ Kc5 56. Kxe3 Rxb6 57. Ke4 Re6+ 58. Kd3 Re1 59. Re4
Rd1+ 60. Kc3 Rd5 61. Rc4+ Kb6 62. Rd4 Re5 63. Kd3 Kc5 64. Re4 Rf5 65. Rc4+ Kb6
66. Rb4+ Kc6 67. Rb5 1-0

[Event "XVIII Autunno Scacchistico A"]
[Site "Venezia ITA"]
[Date "2012.11.03"]
[Round "5"]
[White "Xia, Jie"]
[Black "Bianchi, Andrea"]
[WhiteElo "2262"]
[BlackElo "2148"]
[Result "1-0"]
[PlyCount "127"]
[EventDate "2012.11.01"]

1. e4 d6 2. f4 e5 3. Nf3 exf4 4. Bc4 h6 5. d4 g5 6. h4 Bg7 7. c3 Nd7 8. Na3 Nb6
9. Bb3 Qe7 10. Qe2 c6 11. Bd2 Bd7 12. O-O-O O-O-O 13. hxg5 hxg5 14. Rxh8 Bxh8
15. Rh1 Bg7 16. Rh7 f6 17. c4 Re8 18. Qd3 Nh6 19. Qc3 Bg4 20. Qb4 Bh5 21. c5
dxc5 22. dxc5 Nd7 23. Rxg7 Qxg7 24. Nc4 Kb8 25. Nd6 Ne5 26. Nxe5 Rxe5 27. Bf7
Rxc5+ 28. Kb1 Rb5 29. Nxb5 Nxf7 30. Nd4 Ne5 31. Qd6+ Kc8 32. Ne6 Qd7 33. Qf8+
Be8 34. Nc5 Qxd2 35. Qxe8+ Kc7 36. a3 Qd6 37. Ne6+ Kb6 38. Ka2 Qd7 39. Qg8 Nf7
40. Nf8 Qe7 41. Qg7 a5 42. Nh7 Qe6+ 43. Ka1 Nd6 44. Nxf6 Nxe4 45. Nd7+ Ka6 46.
Qd4 Qb3 47. Nb8+ Kb5 48. Qxe4 Qd1+ 49. Ka2 Qd5+ 50. Qxd5+ cxd5 51. Nd7 Kc4 52.
Ne5+ Kc5 53. Kb3 d4 54. Kc2 Kd5 55. Ng4 Ke4 56. Kd2 f3 57. g3 a4 58. Nf2+ Kd5
59. Kd3 b5 60. Ne4 Ke5 61. Nxg5 f2 62. Nf3+ Kd5 63. Nd2 Ke5 64. Ke2 1-0

[Event "XVIII Autunno Scacchistico A"]
[Site "Venezia ITA"]
[Date "2012.11.03"]
[Round "5"]
[White "Zamengo, Fulvio"]
[Black "Negro, Roberto"]
[WhiteElo "2072"]
[BlackElo "2138"]
[Result "1/2-1/2"]
[PlyCount "38"]
[EventDate "2012.11.01"]

1. e4 g6 2. d4 Bg7 3. Bf4 c5 4. d5 d6 5. Nf3 Nf6 6. Nc3 O-O 7. Bd3 Na6 8. O-O
Nc7 9. a4 Rb8 10. Qe2 b6 11. Nb5 Rb7 12. Rfe1 Re8 13. h3 Nxb5 14. Bxb5 Rf8 15.
Bd2 Rc7 16. Be3 Bd7 17. Qc4 h6 18. Rad1 Bxb5 19. axb5 Rd7 1/2-1/2

[Event "XVIII Autunno Scacchistico A"]
[Site "Venezia ITA"]
[Date "2012.11.04"]
[Round "6"]
[White "Bianchi, Andrea"]
[Black "Gallo, Enrico"]
[WhiteElo "2148"]
[BlackElo "2092"]
[Result "1-0"]
[PlyCount "73"]
[EventDate "2012.11.01"]

1. e4 e6 2. d3 d5 3. Nd2 c5 4. Ngf3 Nc6 5. g3 Nf6 6. Bg2 Be7 7. O-O dxe4 8.
dxe4 e5 9. c3 O-O 10. Qe2 Qc7 11. Re1 h6 12. Nf1 Be6 13. Nh4 Rfd8 14. Nf5 Bf8
15. Qf3 Nh7 16. h4 f6 17. N1e3 Qf7 18. Nd5 Ne7 19. Nfxe7+ Bxe7 20. Nc7 Rac8 21.
Nxe6 Qxe6 22. Kh2 Qb6 23. Bf1 c4 24. Be3 Qxb2 25. Rab1 Qxc3 26. Rec1 Qa3 27.
Bxc4+ Kh8 28. Rxb7 Rd4 29. Bb3 Rxc1 30. Bxc1 Qd6 31. Rxa7 Rd3 32. Qf5 Qd8 33.
Qe6 Bc5 34. Rc7 Qf8 35. Rxc5 Rd8 36. Rc7 g5 37. Qf5 1-0

[Event "XVIII Autunno Scacchistico A"]
[Site "Venezia ITA"]
[Date "2012.11.04"]
[Round "6"]
[White "Ceschia, Ivano"]
[Black "Solomon, Kenny"]
[WhiteElo "2298"]
[BlackElo "2445"]
[Result "1/2-1/2"]
[PlyCount "195"]
[EventDate "2012.11.01"]

1. e4 c5 2. Nf3 e6 3. d4 cxd4 4. Nxd4 a6 5. Nc3 Qc7 6. a3 Nf6 7. f4 d6 8. Qf3
Nbd7 9. g4 h6 10. Bg2 g6 11. Be3 Be7 12. O-O-O Nb6 13. Nde2 Nc4 14. Bf2 g5 15.
h4 gxf4 16. g5 Ne5 17. Qxf4 Nfg4 18. Bd4 hxg5 19. hxg5 Rg8 20. Rh5 Qd8 21. Kb1
Bxg5 22. Qg3 Qe7 23. Bh3 Bf6 24. Bxg4 Rxg4 25. Qh3 Rg8 26. Na4 Bd7 27. Nb6 Rd8
28. Rf1 Bb5 29. c4 Bc6 30. Nc3 Nd7 31. Bxf6 Nxf6 32. Rh6 Ng4 33. Rh5 Ne5 34.
Qh4 Ng4 35. Qh3 Ne5 36. c5 Nd7 37. cxd6 Qxd6 38. Nc4 Qd4 39. Qf3 f5 40. Rh7 Nf6
41. Qh3 Qxc4 42. exf5 Qd3+ 43. Qxd3 Rxd3 44. Rh6 Nd5 45. Rxe6+ Kf7 46. Ne4 Ne3
47. Rc1 Bxe4 48. Rxe4 Nd5 49. Rh1 Nf6 50. Rb4 Rd7 51. Rb6 Rg5 52. Rf1 Ne4 53.
Rf4 Rg1+ 54. Ka2 Re1 55. Rh4 Rdd1 56. Rh7+ Kg8 57. Rc7 Nd6 58. Rd7 Nxf5 59.
Rdxb7 Nd4 60. Rb8+ Kf7 61. R8b7+ Ke8 62. Rb8+ Kd7 63. R8b7+ Ke8 64. Rb8+ Kf7
65. R8b7+ Re7 66. Rxe7+ Kxe7 67. Rxa6 Kd7 68. Rh6 Kc7 69. Rf6 Rd3 70. Rh6 Re3
71. Rg6 Nc6 72. Rg5 Kb6 73. Rh5 Ne5 74. Rh4 Kc5 75. Rh8 Nc6 76. Rh1 Kd5 77. Rh2
Nd4 78. Rh8 Nc6 79. Rh2 Re4 80. Rc2 Re8 81. Rh2 Nd4 82. Rh5+ Kc4 83. Rh3 Nb5
84. Rh4+ Nd4 85. Rh2 Ne2 86. Rh7 Nc1+ 87. Kb1 Nb3 88. Rh4+ Nd4 89. Rh3 Re1+ 90.
Ka2 Rd1 91. Rc3+ Kb5 92. Rc8 Ne2 93. Rb8+ Kc6 94. Rc8+ Kb7 95. Rh8 Re1 96. Rh6
Rg1 97. Kb3 Nd4+ 98. Kc3 1/2-1/2

[Event "XVIII Autunno Scacchistico A"]
[Site "Venezia ITA"]
[Date "2012.11.04"]
[Round "6"]
[White "Del Monaco, Andrea"]
[Black "Guerra, Alessandro"]
[WhiteElo "2247"]
[BlackElo "2185"]
[Result "1-0"]
[PlyCount "55"]
[EventDate "2012.11.01"]

1. Nf3 Nf6 2. c4 c5 3. Nc3 Nc6 4. g3 e5 5. Bg2 Be7 6. O-O O-O 7. d3 h6 8. a3 d6
9. Rb1 Be6 10. b4 cxb4 11. axb4 Qd7 12. b5 Na5 13. Qa4 b6 14. c5 Qc7 15. c6 Nd5
16. Bd2 a6 17. Nxd5 Bxd5 18. Bxa5 axb5 19. Rxb5 Rxa5 20. Rxa5 bxa5 21. Nh4 Bxg2
22. Nxg2 d5 23. Ne3 Rd8 24. Qb5 Rb8 25. Qxd5 a4 26. Qc4 Rb4 27. Nd5 Rxc4 28.
dxc4 1-0

[Event "XVIII Autunno Scacchistico A"]
[Site "Venezia ITA"]
[Date "2012.11.03"]
[Round "6"]
[White "Faccia, Sergio"]
[Black "Cardarelli, Angelo"]
[WhiteElo "2028"]
[BlackElo "1973"]
[Result "0-1"]
[PlyCount "96"]
[EventDate "2012.11.01"]

1. e4 d6 2. d4 g6 3. Nc3 Bg7 4. f4 a6 5. Nf3 b5 6. Bd3 Bb7 7. O-O Nd7 8. Be3 c5
9. dxc5 Nxc5 10. Bxc5 dxc5 11. e5 Nh6 12. Be4 Bxe4 13. Nxe4 Qb6 14. Qe2 O-O 15.
c3 c4+ 16. Kh1 Rfd8 17. Rad1 Nf5 18. Ng3 Ne3 19. Rxd8+ Rxd8 20. Re1 Nd5 21. Qe4
Bh6 22. Ng5 Qf2 23. Rf1 Qe3 24. e6 f5 25. Qxe3 Nxe3 26. Re1 Rd1 27. Rxd1 Nxd1
28. Nh3 Nxb2 29. Ne2 Bg7 30. Nf2 Nd3 31. Nd1 Nc5 32. Ne3 Nxe6 33. Nd5 Kf8 34.
g3 Ke8 35. Kg2 Kd7 36. Kf3 Nc5 37. Ne3 Ne4 38. Nd1 Kd6 39. g4 e6 40. g5 Kc5 41.
a3 Nd2+ 42. Ke3 Nb1 43. h3 Nxa3 44. Kd2 a5 45. Nb2 b4 46. Na4+ Kb5 47. Nb2 Nb1+
48. Kc2 Nxc3 0-1

[Event "XVIII Autunno Scacchistico A"]
[Site "Venezia ITA"]
[Date "2012.11.03"]
[Round "6"]
[White "Pechy, Alaster"]
[Black "Capaliku, Aleks"]
[WhiteElo "2186"]
[BlackElo "2143"]
[Result "0-1"]
[PlyCount "65"]
[EventDate "2012.11.01"]

1. d4 d5 2. Nf3 e6 3. c4 c6 4. Nc3 f5 5. g3 Nf6 6. Bg2 Bd6 7. c5 Bc7 8. Bf4
Bxf4 9. gxf4 b6 10. b4 a5 11. a3 Nbd7 12. O-O Ne4 13. Nxe4 fxe4 14. Ne5 Nxe5
15. fxe5 O-O 16. Qb3 Ba6 17. Rfe1 Bc4 18. Qe3 b5 19. Bh3 Qe7 20. Bg4 h5 21. Bh3
g5 22. Kh1 Kh7 23. Rg1 Rf4 24. bxa5 Raf8 25. Bxe6 g4 26. Bxg4 hxg4 27. a6 Qh4
28. Raf1 Rxf2 29. Rxf2 Rxf2 30. Qg3 Qxg3 31. Rxg3 Rf6 32. Rxg4 Bxe2 33. Kg1 0-1

[Event "XVIII Autunno Scacchistico A"]
[Site "Venezia ITA"]
[Date "2012.11.03"]
[Round "6"]
[White "Pfeifer, Andreas"]
[Black "Negro, Roberto"]
[WhiteElo "2054"]
[BlackElo "2138"]
[Result "0-1"]
[PlyCount "82"]
[EventDate "2012.11.01"]

1. e4 g6 2. d4 Bg7 3. Nf3 d6 4. Bc4 e6 5. O-O Ne7 6. Nc3 a6 7. a4 b6 8. h3 Bb7
9. d5 e5 10. Nh2 Nd7 11. f4 exf4 12. Bxf4 Ne5 13. Bb3 O-O 14. Bxe5 Bxe5 15. Ng4
Bg7 16. Nf6+ Bxf6 17. Rxf6 Nf5 18. Rxf5 gxf5 19. Qh5 Qf6 20. Kh2 Qg6 21. Qf3
fxe4 22. Nxe4 f5 23. Ng3 Rae8 24. Rf1 Re5 25. Nh5 Qg5 26. Nf4 Rf6 27. Qf2 Bc8
28. c3 a5 29. Bc4 Rh6 30. Bb5 Kh8 31. Qd2 Qg7 32. b4 Re4 33. Qf2 axb4 34. cxb4
Qd4 35. Nd3 Reh4 36. Qe2 Qxd5 37. Qe8+ Qg8 38. Qxg8+ Kxg8 39. a5 bxa5 40. bxa5
d5 41. a6 Bxa6 0-1

[Event "XVIII Autunno Scacchistico A"]
[Site "Venezia ITA"]
[Date "2012.11.03"]
[Round "6"]
[White "Simonetto, Adriano"]
[Black "Zamengo, Fulvio"]
[WhiteElo "1992"]
[BlackElo "2072"]
[Result "1/2-1/2"]
[PlyCount "63"]
[EventDate "2012.11.01"]

1. d4 Nf6 2. c4 c5 3. d5 b5 4. cxb5 a6 5. bxa6 g6 6. Nc3 Bxa6 7. Nf3 d6 8. e4
Bxf1 9. Kxf1 Bg7 10. g3 O-O 11. Kg2 Nbd7 12. a4 Qa5 13. Bd2 Qa6 14. Re1 Nb6 15.
Nb5 Rfc8 16. b3 Ne8 17. Rc1 Nc7 18. Nxc7 Rxc7 19. Bc3 Qb7 20. Bxg7 Kxg7 21. Nd2
Nd7 22. Nc4 Nf6 23. Qc2 Qb4 24. Qc3 Rb7 25. Qxb4 Rxb4 26. Re3 Rab8 27. a5 Ne8
28. Nb6 Rb7 29. Rc4 Rb5 30. Ra4 Ra7 31. Nc4 Nc7 32. Rc3 1/2-1/2

[Event "XVIII Autunno Scacchistico A"]
[Site "Venezia ITA"]
[Date "2012.11.04"]
[Round "6"]
[White "Trangoni, Bruno"]
[Black "Srebrnic, Vojko"]
[WhiteElo "2040"]
[BlackElo "2220"]
[Result "1-0"]
[PlyCount "171"]
[EventDate "2012.11.01"]

1. Nf3 c5 2. g3 Nc6 3. Bg2 g6 4. c4 Bg7 5. Nc3 d6 6. O-O Nf6 7. d3 O-O 8. Bd2
Rb8 9. Qc1 a6 10. Bh6 b5 11. Bxg7 Kxg7 12. cxb5 axb5 13. Ng5 Nd4 14. e3 Ne6 15.
Nge4 b4 16. Ne2 Ne8 17. b3 Ba6 18. Qc2 Qb6 19. Rac1 N8c7 20. Rfd1 Nb5 21. Nd2
Bb7 22. Nf3 Rfc8 23. Qb2+ Kg8 24. d4 cxd4 25. Nfxd4 Nexd4 26. exd4 Bxg2 27.
Kxg2 Qb7+ 28. Kg1 d5 29. Qd2 Nd6 30. f3 Qb6 31. Kg2 e6 32. Nf4 Nf5 33. Ne2 Ra8
34. g4 Nd6 35. Nf4 Qa5 36. Rxc8+ Nxc8 37. Ra1 Nd6 38. Nd3 Rb8 39. Rc1 Qb6 40.
Ne5 Rc8 41. Rxc8+ Nxc8 42. Qf4 Qc7 43. Kg3 Qb7 44. g5 Nd6 45. Ng4 Nf5+ 46. Kh3
Qb6 47. Nf6+ Kg7 48. Qe5 Qd8 49. Nxd5+ Kg8 50. Nf6+ Kh8 51. d5 exd5 52. Nxd5+
Kg8 53. Nf6+ Kf8 54. Nxh7+ Kg8 55. Nf6+ Kf8 56. Nd5 Kg8 57. Nf6+ Kf8 58. Qc5+
Kg7 59. Qe5 Qh8+ 60. Nh5+ Kh7 61. Qxh8+ Kxh8 62. Nf6 Nd4 63. Kg4 Kg7 64. Nd5
Nc6 65. Kf4 Kf8 66. Ke4 Ke8 67. Kd3 Ne5+ 68. Ke4 Nc6 69. Nc7+ Kd7 70. Na6 Kd6
71. f4 Ke6 72. Nc5+ Kd6 73. Nd3 Ke6 74. Ne5 Ne7 75. Nf3 Nd5 76. Nd4+ Kd6 77.
Ne2 Kc5 78. Kd3 Ne7 79. Ng3 Nd5 80. f5 Nf4+ 81. Ke4 Nh3 82. fxg6 fxg6 83. Ke5
Nxg5 84. Ne4+ Nxe4 85. Kxe4 Kd6 86. Kd4 1-0

[Event "XVIII Autunno Scacchistico A"]
[Site "Venezia ITA"]
[Date "2012.11.04"]
[Round "6"]
[White "Xia, Jie"]
[Black "Basso, Pier Luigi"]
[WhiteElo "2262"]
[BlackElo "2131"]
[Result "0-1"]
[PlyCount "78"]
[EventDate "2012.11.01"]

1. e4 c5 2. Nf3 Nc6 3. d4 cxd4 4. Nxd4 Nf6 5. Nc3 d6 6. Bg5 Bd7 7. Qd2 Rc8 8.
f4 Nxd4 9. Qxd4 Qa5 10. O-O-O Rxc3 11. bxc3 e5 12. Qb4 Qxb4 13. cxb4 Nxe4 14.
Bh4 g5 15. fxg5 Be7 16. Re1 Nxg5 17. c4 f5 18. Kb2 Ne6 19. Bxe7 Kxe7 20. Bd3
Rg8 21. g3 Nd4 22. Kc3 Bc6 23. Rhf1 Ke6 24. Ra1 h5 25. a4 h4 26. gxh4 Rg4 27.
b5 Bf3 28. Rg1 Rxh4 29. Rg6+ Ke7 30. Rag1 Bh5 31. Rh6 Rg4 32. Rxg4 Bxg4 33.
Rh7+ Ke6 34. Rxb7 f4 35. Rxa7 f3 36. b6 f2 37. Kd2 e4 38. Bf1 Nc6 39. Ke3 Ke5
0-1